000 00646cam a22002297a 4500
001 000008675
005 20200929161400.0
008 950823s1995 sp 000 0 spa
010 _a95195033
020 _a8472238830
040 _aDO-SdBNP
_cDLC
082 _aCu863.44
_bM778t
100 1 _aMontero, Mayra,
_d1952-
_912644
245 1 0 _aTu, la oscuridad /
_cMayra Montero.
260 _aBarcelona :
_bTusquets Editores,
_c1995.
300 _a241 p. ;
_c21 cm.
490 1 _aAndanzas
_v243
650 4 _aNovela cubana
_92316
650 4 _aLiteratura cubana
_91483
830 0 _aAndanzas ;
_v243
_918113
910 _aCatalogación por copia / LC
999 _c8445
_d8445